=LDR 00000nam 2200000 4500 =001 INLIS000000000021013 =005 20130612115920 =008 ***********************************Ind** =035 ##$$0010-061300000021013 =041 ##$$a Ind =082 ##$$a 372.83 =090 ##$$a 372.83, Tim i =100 ##$$a Tim Ganeca Sains =245 ##$$a IPS untuk SD kelas VI, Tim Ganeca Sains =260 ##$$a 1991 $b Bandung =300 ##$$a 104 hlm, ilus, 28 cm =650 ##$$a IPS-Pendidikan dasar =850 ##$$a NBPNMAT